000 01068cam a2200301 a 4500
003 CHAP
005 20220817043609.0
008 000124 1992 us r 00010 eng d
010 _a79420
011 _a80392
035 _a90842
040 _cCHAP
090 _aR-3645
100 0 0 _aReardon, Thomas.
_994942
245 0 _aIssues in the analysis of the effects of policy on conservation and productivity at the household level at developing countries
_c/by Thomas Reardon and Stephen A. Vosti
500 _aSobretiro de: Quarterly Journal of International Agriculture 31 (4) : 380-396,1992.
590 _aBATCH-UPD
_b10
_c20130110
_lUCH01
_h1008
590 _aBATCH-UPD
_b10
_c20130410
_lUCH01
_h0617
590 _aBATCH-UPD
_b10
_c20130913
_lUCH01
_h2220
590 _aCONVERSION
_b10
_c20130109
_lUCH01
_h1344
650 1 4 _aAgricultura sustentable.
650 1 4 _aMedio ambiente
_xProtección.
_974106
700 0 _aVosti, Stephen A.
_9120709
901 _aBK
905 _aBlanca M. García O.
942 _cREIMP
949 _aR-3645
_bBC
_cR
_d908421
_eTS1
_i90842
_sb
999 _c79420
_d79420